<?xml version="1.0" encoding="UTF-8"?>
<marc:record xmlns:marc="http://www.loc.gov/MARC21/slim">
   <marc:leader>00000nam a2200000 a 4500</marc:leader>
   <marc:datafield ind1="0" ind2="0" tag="245">
      <marc:subfield code="a">Fast &amp; Fourious 9</marc:subfield>
   </marc:datafield>
   <marc:datafield ind1="0" ind2="0" tag="245">
      <marc:subfield code="b">Die Fast &amp; Fourious Saga</marc:subfield>
   </marc:datafield>
   <marc:datafield ind1=" " ind2="1" tag="264">
      <marc:subfield code="b">Universal Studios</marc:subfield>
      <marc:subfield code="c">2021</marc:subfield>
   </marc:datafield>
   <marc:datafield ind1="1" ind2=" " tag="520">
      <marc:subfield code="a">Eigentlich wollte Dom Toretto seinem Leben als Outlaw den Rücken kehren, doch nicht mal er ist so schnell, dass er die Vergangenheit abschütteln kann. Als sein verloren geglaubter Bruder Jakob unerwartet als Elite-Auftragskiller wieder auftaucht, versammelt sich die alte Crew, um Dom zu helfen, eine alte Rechnung zu begleichen und eine teuflische Intrige zu beenden, die ihre Familie zu zerstören droht.</marc:subfield>
   </marc:datafield>
   <marc:datafield ind1=" " ind2=" " tag="020">
      <marc:subfield code="a">5053083212896</marc:subfield>
      <marc:subfield code="9">5053083212896</marc:subfield>
   </marc:datafield>
   <marc:datafield ind1=" " ind2=" " tag="500">
      <marc:subfield code="a">ab 12 Jahren</marc:subfield>
   </marc:datafield>
   <marc:datafield ind1="0" ind2=" " tag="490">
      <marc:subfield code="v">0</marc:subfield>
   </marc:datafield>
   <marc:datafield ind1=" " ind2=" " tag="300">
      <marc:subfield code="a">ca. 144 Min.</marc:subfield>
   </marc:datafield>
</marc:record>
